Guess The NBA Player #1 - Statistics

General Stats
  • This quiz has been taken 12,852 times
    6,238 since last reset
  • The average score is 12 of 17
Answer Stats
Club First Name Surname % Correct
New York Knicks Jalen Brunson
100%
Philadelphia 76ers Kyle Lowry
85%
Golden State Warriors Draymond Green
77%
Los Angeles Lakers Luka Doncic
76%
Philadelphia 76ers Paul George
76%
Portland Trail Blazers Damian Lillard
76%
Memphis Grizzlies Ja Morant
76%
Orlando Magic Paolo Banchero
75%
Los Angeles Clippers James Harden
72%
Detroit Pistons Cade Cunningham
71%
Oklahoma City Thunder Shai Gilgeous-Alexander
69%
Minnesota Timberwolves Rudy Gobert
69%
Dallas Mavericks Kyrie Irving
69%
Sacramento Kings Zach LaVine
69%
New Orleans Pelicans Dejounte Murray
69%
Portland Trail Blazers Jerami Grant
64%
Chris Paul
51%
No matching quizzes found
Score Distribution
Percent of People with Each Score
Percentile by Number Answered
Your Score History
You have not taken this quiz since the last reset